Training materials for agricultural planning; No.40 Implications of economic policy for food security: A training manual
The book sets out a framework for assessing food security in an economy, and develops a model for evaluating the impact of economic policy measures
Wedi'i Gadw mewn:
| Prif Awdur: | |
|---|---|
| Fformat: | Llyfr |
| Iaith: | Undetermined |
| Cyhoeddwyd: |
Rome, Italy
FAO
1997
|
| Pynciau: | |
| Tagiau: |
Ychwanegu Tag
Dim Tagiau, Byddwch y cyntaf i dagio'r cofnod hwn!
|
| Thư viện lưu trữ: | Trung tâm Học liệu Trường Đại học Cần Thơ |
|---|
| LEADER | 00753nam a2200205Ia 4500 | ||
|---|---|---|---|
| 001 | CTU_29854 | ||
| 008 | 210402s9999 xx 000 0 und d | ||
| 082 | |a 338.19 | ||
| 082 | |b T482/N.40 | ||
| 100 | |a Anne Thomson | ||
| 245 | 0 | |a Training materials for agricultural planning; No.40 | |
| 245 | 0 | |b Implications of economic policy for food security: A training manual | |
| 245 | 0 | |c Anne Thomson, FAO, Manfred Metz | |
| 260 | |a Rome, Italy | ||
| 260 | |b FAO | ||
| 260 | |c 1997 | ||
| 520 | |a The book sets out a framework for assessing food security in an economy, and develops a model for evaluating the impact of economic policy measures | ||
| 650 | |a food supply | ||
| 904 | |i Minh, 990428 | ||
| 980 | |a Trung tâm Học liệu Trường Đại học Cần Thơ | ||